| 000 | 00407nam a2200169Ia 4500 | ||
|---|---|---|---|
| 001 | 12518 | ||
| 005 | 20260306162947.0 | ||
| 008 | 260306t9999||||xx |||||||||||||| ||spa|| | ||
| 041 | _aESP | ||
| 082 |
_aHR 346 _bMAY 2025 GCP |
||
| 110 | _aGaceta JurÃdica | ||
| 245 | 0 | _aGaceta civil & procesal civil, Mayo 2025 tomo 143 | |
| 300 |
_a _c |
||
| 650 | _aGEN | ||
| 654 | _aCDE | ||
| 942 |
_cREV _dJUS _fJUS _2ddc _n |
||
| 999 |
_c12518 _d12518 |
||